4 kids 5E & 1 crazy year / (Record no. 512)

MARC details
000 -LEADER
fixed length control field 01061cam a2200289 a 4500
005 - DATE AND TIME OF LATEST TRANSACTION
control field 20240527135000.0
020 ## - INTERNATIONAL STANDARD BOOK NUMBER
International Standard Book Number 9780823419463 (hardcover)
020 ## - INTERNATIONAL STANDARD BOOK NUMBER
International Standard Book Number 9780545075473 (paperback)
020 ## - INTERNATIONAL STANDARD BOOK NUMBER
International Standard Book Number 0823419460 (hardcover)
040 ## - CATALOGING SOURCE
Original cataloging agency DLC
Transcribing agency DLC
Language of cataloging eng
Modifying agency FISKH
050 00 - LIBRARY OF CONGRESS CALL NUMBER
Classification number PZ7.S4114
Item number Fou 2006
082 00 - DEWEY DECIMAL CLASSIFICATION NUMBER
Classification number 479
Edition number 22
100 1# - MAIN ENTRY--PERSONAL NAME
Personal name Schwartz, Virginia Frances.
245 10 - TITLE STATEMENT
Title 4 kids 5E & 1 crazy year /
Statement of responsibility, etc. Virginia Frances Schwartz.
250 ## - EDITION STATEMENT
Edition statement First Scholastic Printing, March 2008
260 ## - PUBLICATION, DISTRIBUTION, ETC.
Place of publication, distribution, etc. New York :
Name of publisher, distributor, etc. Scholastic.
Date of publication, distribution, etc. 2008.
300 ## - PHYSICAL DESCRIPTION
Extent 265 pages :
Dimensions 20 cm.
505 ## - FORMATTED CONTENTS NOTE
Formatted contents note K
520 ## - SUMMARY, ETC.
Summary, etc. Family, school, and life in general are seen through the writings of four fifth graders who have been taken out of an overcrowded New York City classroom and placed with a teacher who shows them how to write and how to believe in themselves.
521 ## - TARGET AUDIENCE NOTE
Target audience note 610 <br/>
Source Lexile
521 ## - TARGET AUDIENCE NOTE
Target audience note K <br/>
Source Raz-Plus
650 #1 - SUBJECT ADDED ENTRY--TOPICAL TERM
Topical term or geographic name entry element Authorship
Form subdivision Fiction.
650 #1 - SUBJECT ADDED ENTRY--TOPICAL TERM
Topical term or geographic name entry element Schools
Form subdivision Fiction.
906 ## - LOCAL DATA ELEMENT F, LDF (RLIN)
a 7
b cbc
c orignew
d 1
e ocip
f 20
g y-gencatlg
942 ## - ADDED ENTRY ELEMENTS (KOHA)
Source of classification or shelving scheme Dewey Decimal Classification
Koha item type Books
Suppress in OPAC No
999 ## -
-- 512
-- 512
Holdings
Withdrawn status Lost status Source of classification or shelving scheme Damaged status Not for loan Collection Home library Current library Shelving location Date acquired Total Checkouts Full call number Barcode Date last seen Copy number Price effective from Koha item type
    Dewey Decimal Classification     Juvenile Fiction Footprints International School Library Network Toul Kork Campus Footprints International School Library Network Toul Kork Campus TK Primary Library Room(4th Floor), Bookcase 3&4, Shelves 17-32, Yellow Books 05/11/2023   SCH 479 PZ7.S4114 FISTK05466 05/11/2023 1 05/11/2023 Books
    Dewey Decimal Classification     Juvenile Fiction Footprints International School Library Network Toul Kork Campus Footprints International School Library Network Toul Kork Campus TK Primary Library Room(4th Floor), Bookcase 3&4, Shelves 17-32, Yellow Books 05/11/2023   SCH 479 PZ7.S4114 FISTK04993 07/13/2023 2 05/11/2023 Books
    Dewey Decimal Classification     Fiction Footprints International School Library Network Toul Kork Campus Footprints International School Library Network Toul Kork Campus   05/24/2024   SCH 479 PZ7.S4114 2024-0691 05/24/2024 3 05/24/2024 Books